000
00248nam a22000857a 4500
008
161201b xxu||||| |||| 00| 0 eng d
100
_9
1664
_a
Ghai,T.C
245
_a
Open Window A Course In English : Litrature Reader-3
260
_a
New Delhi
_b
Pencraft
_c
2006
999
_c
4376
_d
4376